000 00766nas a2200217 i 4500
001 185800
003 ES-MaACL
005 20250809041830.0
008 160811d18761908uy | | ||pa d
022 _a9962-3706
245 0 0 _aColección legislativa de la República Oriental del Uruguay /
_cpor Matías Alonso Criado ; [continuado por Emilio Alonso Martínez].
260 _aMontevideo :
_bRepública Oriental del Uruguay,
_c[1876-1908] (
_fEst. tipogr. de La Idea)
300 _a24 v. ;
_c19 cm.
362 0 _a[1825/1852-1907]
650 7 _aDerecho-
_zUruguay
_2
_9160443
700 0 _aAlonso Criado, Matías.
_920281
700 1 _aAlonso Martínez, Emilio.
_9160444
852 _aES-MaACL
_jC-24196-219
866 0 _o1825-1898.
999 _c185800
_d185800